000 00760nam a2200181Ia 4500
008 151018s9999 xx 000 0 und d
082 _bRBASDV36523
_a891.462
100 _aसीताराम गोपाल प्रभू
245 _aसह्याद्रीला जेंव्हा जाग येते
250 _b1
260 _bनिंबकर आणि मं
_c1985
300 _a88
600 _aसीताराम गोपाल प्रभू
630 _aसह्याद्रीला जेंव्हा जाग येते
700 _aसीताराम गोपाल प्रभू
730 _aसह्याद्रीला जेंव्हा जाग येते
942 _cBOOK
999 _c1035970
_d1035967